Every Primary School of Singapore - Statistics

General Stats
  • This quiz has been taken 42 times
  • The average score is 26 of 184
Answer Stats
Answer % Correct
Ang Mo Kio Primary School
38%
Bedok Green Primary School
35%
Bukit Panjang Primary School
35%
Catholic High School
35%
Nan Hua Primary School
35%
Admiralty Primary School
31%
Anderson Primary School
31%
Clementi Primary School
31%
Raffles Girls’ Primary School
31%
Tampines Primary School
31%
Tao Nan School
31%
Woodlands Primary School
31%
Ai Tong School
27%
Choa Chu Kang Primary School
27%
De La Salle School
27%
Jurong West Primary School
27%
Nanyang Primary School
27%
Punggol Primary School
27%
Queenstown Primary School
27%
St. Hilda’s Primary School
27%
Yishun Primary School
27%
Anglo-Chinese School (Primary)
23%
Beacon Primary School
23%
Bendemeer Primary School
23%
Bukit Timah Primary School
23%
Henry Park Primary School
23%
Mee Toh School
23%
Red Swastika School
23%
River Valley Primary School
23%
Rosyth School
23%
West Spring Primary School
23%
West View Primary School
23%
Ahmad Ibrahim Primary School
19%
Anchor Green Primary School
19%
Anglo-Chinese School (Junior)
19%
Chongfu School
19%
Holy Innocents’ Primary School
19%
Lianhua Primary School
19%
Mayflower Primary School
19%
Methodist Girls’ School (Primary)
19%
Nan Chiau Primary School
19%
New Town Primary School
19%
Pasir Ris Primary School
19%
Sembawang Primary School
19%
Sengkang Green Primary School
19%
St. Margaret’s Primary School
19%
Alexandra Primary School
15%
Angsana Primary School
15%
CHIJ St. Nicholas Girls’ School
15%
Concord Primary School
15%
Bukit View Primary School
15%
Edgefield Primary School
15%
Horizon Primary School
15%
Hougang Primary School
15%
Innova Primary School
15%
Junyuan Primary School
15%
Keming Primary School
15%
Kranji Primary School
15%
Maha Bodhi School
15%
Maris Stella High School
15%
Park View Primary School
15%
Paya Lebar Methodist Girls’ School (Primary)
15%
Pei Hwa Presbyterian Primary School
15%
Princess Elizabeth Primary School
15%
Riverside Primary School
15%
Rivervale Primary School
15%
Rulang Primary School
15%
Seng Kang Primary School
15%
Shuqun Primary School
15%
South View Primary School
15%
St. Gabriel’s Primary School
15%
Tanjong Katong Primary School
15%
Temasek Primary School
15%
Townsville Primary School
15%
Waterway Primary School
15%
West Grove Primary School
15%
White Sands Primary School
15%
Xingnan Primary School
15%
Boon Lay Garden Primary School
12%
Cantonment Primary School
12%
Cedar Primary School
12%
CHIJ (Katong) Primary
12%
CHIJ (Kellock)
12%
CHIJ Our Lady Queen of Peace
12%
Compassvale Primary School
12%
Dazhong Primary School
12%
Canberra Primary School
12%
Elias Park Primary School
12%
Evergreen Primary School
12%
Fairfield Methodist School (Primary)
12%
Farrer Park Primary School
12%
Fengshan Primary School
12%
Fernvale Primary School
12%
Frontier Primary School
12%
Fuchun Primary School
12%
Gan Eng Seng Primary School
12%
Geylang Methodist School (Primary)
12%
Greenridge Primary School
12%
Greenwood Primary School
12%
Hong Wen School
12%
Jing Shan Primary School
12%
Kuo Chuan Presbyterian Primary School
12%
Lakeside Primary School
12%
Marsiling Primary School
12%
Marymount Convent School
12%
North View Primary School
12%
Oasis Primary School
12%
Opera Estate Primary School
12%
Palm View Primary School
12%
Pioneer Primary School
12%
Poi Ching School
12%
Punggol Green Primary School
12%
Punggol View Primary School
12%
Qifa Primary School
12%
Radin Mas Primary School
12%
Si Ling Primary School
12%
St. Anthony’s Primary School
12%
Teck Ghee Primary School
12%
Unity Primary School
12%
Westwood Primary School
12%
Woodgrove Primary School
12%
Woodlands Ring Primary School
12%
Xinghua Primary School
12%
Yew Tee Primary School
12%
Yio Chu Kang Primary School
12%
Yu Neng Primary School
12%
Zhenghua Primary School
12%
Zhonghua Primary School
12%
Blangah Rise Primary School
8%
Canossa Catholic Primary School
8%
Casuarina Primary School
8%
Changkat Primary School
8%
CHIJ Our Lady of Good Counsel
8%
CHIJ Our Lady Of The Nativity
8%
CHIJ Primary (Toa Payoh)
8%
Chongzheng Primary School
8%
Corporation Primary School
8%
Damai Primary School
8%
East Spring Primary School
8%
Endeavour Primary School
8%
First Toa Payoh Primary School
8%
Fuhua Primary School
8%
Gongshang Primary School
8%
Greendale Primary School
8%
Haig Girls’ School
8%
Huamin Primary School
8%
Juying Primary School
8%
Kheng Cheng School
8%
Kong Hwa School
8%
Meridian Primary School
8%
Montfort Junior School
8%
Naval Base Primary School
8%
Northoaks Primary School
8%
Northshore Primary School
8%
North Spring Primary School
8%
North Vista Primary School
8%
Pei Chun Public School
8%
Pei Tong Primary School
8%
Peiying Primary School
8%
Punggol Cove Primary School
8%
Qihua Primary School
8%
Singapore Chinese Girls’ Primary School
8%
Springdale Primary School
8%
St. Andrew’s Junior School
8%
St. Anthony’s Canossian Primary School
8%
St. Joseph’s Institution Junior
8%
St. Stephen’s School
8%
Tampines North Primary School
8%
Teck Whye Primary School
8%
Telok Kurau Primary School
8%
Valour Primary School
8%
Wellington Primary School
8%
Xinmin Primary School
8%
Xishan Primary School
8%
Fern Green Primary School
4%
Ngee Ann Primary School
4%
Yangzheng Primary School
4%
Yuhua Primary School
4%
Yumin Primary School
4%
Zhangde Primary School
4%
Eunos Primary School
0%
Guangyang Primary School
0%
Jurong Primary Schooll
0%
Stamford Primary School
0%
No matching quizzes found
Score Distribution
Percent of People with Each Score
Percentile by Number Answered
Your Score History
You have not taken this quiz